| Tag |
First Indicator |
Second Indicator |
Subfields |
| LEADER |
00000cam a2200000 a 4500 |
| 001 |
in00000036313 |
| 005 |
20151007055436.0 |
| 008 |
870929s1988 ohu b 00110 eng |
| 010 |
|
|
|a 87028169
|
| 020 |
|
|
|a 0821408933 (alk. paper)
|
| 035 |
|
|
|a (OCoLC)16867203
|
| 035 |
|
|
|9 AAB8259AM
|
| 040 |
|
|
|a DLC
|c DLC
|d TXA
|d UtOrBLW
|
| 049 |
|
|
|a TXAM
|c [A11507575]
|
| 050 |
0 |
0 |
|a PQ6400.J8
|b Z87 1988
|
| 082 |
0 |
|
|a 861/.3
|2 19
|
| 100 |
1 |
|
|a Tavard, George H.
|q (George Henry),
|d 1922-
|
| 245 |
1 |
0 |
|a Poetry and contemplation in St. John of the Cross /
|c George H. Tavard.
|
| 264 |
|
1 |
|a Athens :
|b Ohio University,
|c [1988]
|
| 264 |
|
4 |
|c ©1988
|
| 300 |
|
|
|a xi, 286 pages ;
|c 24 cm.
|
| 336 |
|
|
|a text
|b txt
|2 rdacontent
|
| 337 |
|
|
|a unmediated
|b n
|2 rdamedia
|
| 338 |
|
|
|a volume
|b nc
|2 rdacarrier
|
| 504 |
|
|
|a Bibliography: pages 251-281.
|
| 500 |
|
|
|a Includes index.
|
| 590 |
|
|
|a A11507575
|
| 600 |
0 |
0 |
|a John of the Cross,
|c Saint,
|d 1542-1591
|x Criticism and interpretation.
|
| 999 |
|
|
|a MARS
|
| 999 |
f |
f |
|s 9fa88e5b-f54f-3f94-a598-c0be05de8496
|i aca12d08-a0a7-31ec-8924-a1276fff0f90
|t 0
|
| 952 |
f |
f |
|p normal
|a Texas A&M University
|b College Station
|c Sterling C. Evans Library
|s Evans stk
|d Evans: Library Stacks
|t 0
|e PQ6400.J8 Z87 1988
|h Library of Congress classification
|i unmediated -- volume
|m A14811507575
|
| 998 |
f |
f |
|a PQ6400.J8 Z87 1988
|t 0
|l Evans: Library Stacks
|